000 00453cam a2200181ua 4500
001 2973
008 110920n ii |||gr||||Z||||||asm
040 _cMAIN
082 _a920
100 1 _aBarkataki, Biren ,
_eAuthor.
245 1 1 _aKhujate milaun khuj
_cby Biren Barkataki
250 _a1st.
260 _aGuahati:
_bJyoti prakashan,989.
300 _a108p:
_c23cm.
653 _aBiography
653 _aBiography of Khujate milaun khuj
942 _cBK
999 _c2821
_d2821